<?xml version="1.0" encoding="UTF-8"?>
<collection xmlns="http://www.loc.gov/MARC21/slim">
 <record>
  <leader>01822nam a22002537a 4500</leader>
  <controlfield tag="001">NCT_63536</controlfield>
  <controlfield tag="008">190419b        xxu||||| |||| 00| 0 vie d</controlfield>
  <datafield tag="999" ind1=" " ind2=" ">
   <subfield code="c">3073</subfield>
   <subfield code="d">3073</subfield>
  </datafield>
  <datafield tag="020" ind1=" " ind2=" ">
   <subfield code="a">9786048220693</subfield>
   <subfield code="c">94000</subfield>
  </datafield>
  <datafield tag="082" ind1="0" ind2="4">
   <subfield code="2">23rd ed.</subfield>
   <subfield code="a">363.379</subfield>
   <subfield code="b">Kh452</subfield>
  </datafield>
  <datafield tag="100" ind1="1" ind2=" ">
   <subfield code="a">Doãn Minh Khôi</subfield>
  </datafield>
  <datafield tag="245" ind1="1" ind2="0">
   <subfield code="a">An toàn cháy trong kiến trúc cao tầng và siêu cao tầng ở Việt nam</subfield>
   <subfield code="c">Doãn Minh Khôi</subfield>
  </datafield>
  <datafield tag="260" ind1=" " ind2=" ">
   <subfield code="a">H.</subfield>
   <subfield code="b">Xây dựng</subfield>
   <subfield code="c">2017</subfield>
  </datafield>
  <datafield tag="300" ind1=" " ind2=" ">
   <subfield code="a">147 tr.</subfield>
   <subfield code="b">Minh họa</subfield>
   <subfield code="c">27cm</subfield>
  </datafield>
  <datafield tag="500" ind1=" " ind2=" ">
   <subfield code="a">ĐTTS ghi: Trường Đại học Xây dựng</subfield>
  </datafield>
  <datafield tag="520" ind1="3" ind2=" ">
   <subfield code="a">Nội dung sách tổng quan về vấn đề an toàn cháy trong kiến trúc cao tầng trên thế giới và ở Việt Nam. Cơ sở khoa học trong an toàn cháy nhà cao tầng ở Việt Nam và giải pháp thiết kế nhà siêu cao tầng liên quan tới an toàn sinh mạng ở Việt Nam.</subfield>
  </datafield>
  <datafield tag="653" ind1=" " ind2=" ">
   <subfield code="a">Kiến trúc</subfield>
  </datafield>
  <datafield tag="942" ind1=" " ind2=" ">
   <subfield code="2">ddc</subfield>
   <subfield code="c">BK</subfield>
  </datafield>
  <datafield tag="952" ind1=" " ind2=" ">
   <subfield code="0">0</subfield>
   <subfield code="1">0</subfield>
   <subfield code="2">ddc</subfield>
   <subfield code="4">0</subfield>
   <subfield code="6">363_379000000000000_KH452</subfield>
   <subfield code="7">0</subfield>
   <subfield code="9">16690</subfield>
   <subfield code="a">000001</subfield>
   <subfield code="b">000001</subfield>
   <subfield code="d">2019-04-19</subfield>
   <subfield code="o">363.379 Kh452</subfield>
   <subfield code="p">MD.15316</subfield>
   <subfield code="r">2019-04-19</subfield>
   <subfield code="v">94000.00</subfield>
   <subfield code="w">2019-04-19</subfield>
   <subfield code="y">BK</subfield>
  </datafield>
  <datafield tag="952" ind1=" " ind2=" ">
   <subfield code="0">0</subfield>
   <subfield code="1">0</subfield>
   <subfield code="2">ddc</subfield>
   <subfield code="4">0</subfield>
   <subfield code="6">363_379000000000000_KH452</subfield>
   <subfield code="7">0</subfield>
   <subfield code="9">16691</subfield>
   <subfield code="a">000001</subfield>
   <subfield code="b">000001</subfield>
   <subfield code="d">2019-04-19</subfield>
   <subfield code="o">363.379 Kh452</subfield>
   <subfield code="p">MD.15317</subfield>
   <subfield code="r">2019-04-19</subfield>
   <subfield code="v">94000.00</subfield>
   <subfield code="w">2019-04-19</subfield>
   <subfield code="y">BK</subfield>
  </datafield>
  <datafield tag="952" ind1=" " ind2=" ">
   <subfield code="0">0</subfield>
   <subfield code="1">0</subfield>
   <subfield code="2">ddc</subfield>
   <subfield code="4">0</subfield>
   <subfield code="6">363_379000000000000_KH452</subfield>
   <subfield code="7">0</subfield>
   <subfield code="9">16692</subfield>
   <subfield code="a">000001</subfield>
   <subfield code="b">000001</subfield>
   <subfield code="d">2019-04-19</subfield>
   <subfield code="o">363.379 Kh452</subfield>
   <subfield code="p">MD.15318</subfield>
   <subfield code="r">2019-04-19</subfield>
   <subfield code="v">94000.00</subfield>
   <subfield code="w">2019-04-19</subfield>
   <subfield code="y">BK</subfield>
  </datafield>
  <datafield tag="952" ind1=" " ind2=" ">
   <subfield code="0">0</subfield>
   <subfield code="1">0</subfield>
   <subfield code="2">ddc</subfield>
   <subfield code="4">0</subfield>
   <subfield code="6">363_379000000000000_KH452</subfield>
   <subfield code="7">0</subfield>
   <subfield code="9">16693</subfield>
   <subfield code="a">000001</subfield>
   <subfield code="b">000001</subfield>
   <subfield code="d">2019-04-19</subfield>
   <subfield code="o">363.379 Kh452</subfield>
   <subfield code="p">MD.15319</subfield>
   <subfield code="r">2019-04-19</subfield>
   <subfield code="v">94000.00</subfield>
   <subfield code="w">2019-04-19</subfield>
   <subfield code="y">BK</subfield>
  </datafield>
  <datafield tag="952" ind1=" " ind2=" ">
   <subfield code="0">0</subfield>
   <subfield code="1">0</subfield>
   <subfield code="2">ddc</subfield>
   <subfield code="4">0</subfield>
   <subfield code="6">363_379000000000000_KH452</subfield>
   <subfield code="7">0</subfield>
   <subfield code="9">16694</subfield>
   <subfield code="a">000001</subfield>
   <subfield code="b">000001</subfield>
   <subfield code="d">2019-04-19</subfield>
   <subfield code="o">363.379 Kh452</subfield>
   <subfield code="p">MD.15320</subfield>
   <subfield code="r">2019-04-19</subfield>
   <subfield code="v">94000.00</subfield>
   <subfield code="w">2019-04-19</subfield>
   <subfield code="y">BK</subfield>
  </datafield>
  <datafield tag="980" ind1=" " ind2=" ">
   <subfield code="a">Thư viện Trường Đại học Nam Cần Thơ</subfield>
  </datafield>
 </record>
</collection>
